Регионална библиотека "Любен Каравелов" - Русе

Стогодишнината на църквата Св. св. апостоли Петър и Павел и училището 1836 - 1936 (Запис номер 150071)

MARC детайли
000 -Лидер
Контролно поле с фиксирана дължина nam a22 a 4500
003 - Код на организацията, давaща контролен номер
Контролно поле BLK
005 - Дата и час на последна редакция
Контролно поле 20230505121224.0
008 - Елементи от данни с фиксирана дължина
fixed length control field 180410b bul|||||r ||||||| ||bul||
010 ## - Наследен системен номер
LC control number KNG00156381000
040 ## - Източник на каталожния запис
Идентификатор на билиотеката - собственик на записа BLK
041 ## - Код за език
Код за езика на текст/звукозапис или на отделно заглавие Български
Код за езика КДБФ Български
072 #7 - Код за тематичната категория
Код организация bullib
Код за тематична категория К
Текст Краезнание
080 ## - УДК
Текстов определител УДК Българска православна църква
УДК код - определител по УДК 271.22(497.2)
УДК - код + определител 271.22(497.2)
139 ## - Редно поле
Редна дума Стогодишнината на църквата Св. св. апостоли Петър и Павел и училището
Авторски знак Сто - С 77
245 10 - Сведения за заглавието
Заглавие Стогодишнината на църквата Св. св. апостоли Петър и Павел и училището 1836 - 1936
257 ## - Страна на издаване
Страна на създаване/издаване България
260 ## - Област на издателските данни
Място на издаване, разпространение и проч. с. Осенец, Разградско
Година на издаване 1936
Печатница Търговище : печ. Кареев и син
300 ## - Физическа характеристика
Страници 314 с.
Илюстрации и др. с ил., 1 л. : к.
Размери/Мащаб 23 см
380 ## - Жанр
Жанр Религия. Теология
650 #4 - Допълнително описание по предмет – тема
Основно описание – тема или топоним Православна църква - България - история
9 (RLIN) 244199
651 #4 - Допълнително описание по предмет - топоним
Географско понятие Осенец
9 (RLIN) 179317
651 #4 - Допълнително описание по предмет - топоним
Географско понятие Разградско
9 (RLIN) 179428
653 ## - Ключова дума – ненормативна
Ключова дума религия
653 ## - Ключова дума – ненормативна
Ключова дума християнство
653 ## - Ключова дума – ненормативна
Ключова дума църкви
653 #7 - Ключова дума – ненормативна
Ключова дума училища
9 (RLIN) 199130
653 ## - Ключова дума – ненормативна
Ключова дума история
852 ## - Местоположение
Форматна сигнатура Цб 2.230.17072
Фондова буква Хранилище
852 ## - Местоположение
Форматна сигнатура К 2/С 77
Фондова буква Краезнание
856 4# - Електронен адрес и достъп
Електронен формат pdf - файл
Инструкция (цена за достъп) 0.00
Права за достъп Достъп за регистрирани потребители
Име на файл Стогодишнината на църквата Св. св. апостоли Петър и Павел и училището 1836 - 1936
Път до файла /url/ http://185.138.176.146:18082/cgi-bin/koha/opac-retrieve-file.pl?id=2fe40d560052b63a87cf0b5f3cf48fce
Допълнителна информация (Корица, съдържание, пълен текст, звуков файл, HTML файл) Електронна книга
Информация за съдържанието Стогодишнината на църквата Св. св. апостоли Петър и Павел и училището 1836 - 1936
856 4# - Електронен адрес и достъп
Електронен формат pdf - файл
Инструкция (цена за достъп) 0.00
Права за достъп disable
999 ## - СИСТЕМНИ КОНТРОЛНИ НОМЕРА
Koha biblionumber 150071
Koha biblioitemnumber 150071
942 ## - АРТИКУЛИ
Вид на библиотечния материал Книги
Скрит в OPAC Не
Периодичен библиозапис Да
944 ## - СЪЗДАВАНЕ И РЕДАКЦИЯ на ЗАПИСА
Създаване/Редакция Създаване
Дата на регистрацията/редакция 07.02.2014
Статус, дата на статуса 07.02.2014 - от С1,Р / 07.02.2014
Служител, извършил регистрацията/редакцията Валя_Йорданова
944 ## - СЪЗДАВАНЕ И РЕДАКЦИЯ на ЗАПИСА
Създаване/Редакция Редакция
Дата на регистрацията/редакция 2023-04-13
Служител, извършил регистрацията/редакцията Кети
999 ## - СИСТЕМНИ КОНТРОЛНИ НОМЕРА
Koha biblioitemnumber 150071
Наличности
Код за отписване Код за изгубен артикул Източник на класификационната схема Код за повреда Коз за рестрикции Код за отдаване Артикулен № Име на библиотеката - собственик Име на библиотеката, в която се намира в момента Статус (Текущо местоположение) Дата на вписване в системата Местоположение - отдел Цена в лева Инвентарен номер Систематично азбучна сигнатура Баркод Номер на екземпляра Цена в евро Служебна бележка Служебен тип на артикула
  Не е изгубен Universal Decimal Classification Не е повреден без рестрикции ползва се в читалня 250576 Регионална библиотека "Любен Каравелов" Русе Регионална библиотека "Любен Каравелов" Русе Краезнание 1936-01-01 Краезнание 2.00 9115/66 К 2/С 77 900000003135 1 1.02 N: Сф Дата: 01.01.1936 Дата инв: 06.11.2017 Бележки инв: К2017 Книги
  Не е изгубен Universal Decimal Classification Не е повреден само за читалня ползва се в читалня 250577 Регионална библиотека "Любен Каравелов" Русе Регионална библиотека "Любен Каравелов" Русе Хранилище 1936-01-01 Основен фонд - ползва се само за читалня 0.25 17072 Цб 2.230.17072 900000039641 2 0.13 Дост: Pk N: стар фонд Дата: 01.01.1936 Дата инв: 22.04.2015 Бележки инв: О2015 Книги
Vip Innovations Ltd, Rousse, Bulgaria 2025